Κατάλογος Βιβλιοθηκών Mediterranean College

Δυναμική των Συνεχών Ελαστικών Συστημάτων / Γραμμικοί Φορείς. (Record no. 2863)

MARC details
000 -LEADER
fixed length control field 01260cam a22001814a 4500
005 - ΗΜΕΡΟΜΗΝΙΑ ΚΑΙ ΩΡΑ ΤΕΛΕΥΤΑΙΑΣ ΕΝΗΜΕΡΩΣΗΣ
Πεδίο ελέγχου 20250605164055.0
008 - FIXED-LENGTH DATA ELEMENTS--GENERAL INFORMATION
Πεδίο ελέγχου σταθερού μήκους 250528s ||||||||||||||||||||||||d
035 ## - SYSTEM CONTROL NUMBER
System control number 17447
040 ## - ΠΗΓΗ ΚΑΤΑΛΟΓΟΓΡΑΦΗΣΗΣ
Φορέας πρωτότυπης καταλογογράφησης MC Athens Campus Library
Γλώσσα καταλογογράφησης Ελληνικά, Μοντέρνα (1453-)
Modifying agency MC Athens Campus Library
Κανόνες περιγραφικής καταλογογράφησης AACR2
245 1# - ΤΙΤΛΟΣ ΚΑΙ ΔΗΛΩΣΗ ΥΠΕΥΘΥΝΟΤΗΤΑΣ
Τίτλος Δυναμική των Συνεχών Ελαστικών Συστημάτων / Γραμμικοί Φορείς.
Number of part/section of a work Τόμος Ι
260 ## - PUBLICATION, DISTRIBUTION, ETC.
Name of publisher, distributor, etc. Συμεών,
Date of publication, distribution, etc. 1989
300 ## - PHYSICAL DESCRIPTION
Extent 310
520 ## - SUMMARY, ETC.
Summary, etc. Πρόλογος, Καμπτική Ταλάντωσις Δοκών, Προσδιορισμός Κινήσεως εκ των Αρχικών Συνθηκών, Εξηναγκασμένη Κίνησις, Προβλήματα Δυναμικής Συμπεριφοράς, Προβλήματα Αρμονικής Ταλαντώσεως, Κινούμενα Φορτία, Διαμήκης και Στρεπτική Ταλάντωσις Πρισματικών Ράβδων, Δυναμική Συμπεριφορά Δοκών Timoshenko και Ιξοελαστικών Δοκών, Η Δυναμική Μέθοδος δια τον Έλεγχον Ελαστικής Ευστάθειας, Ευρετήριον Λέξεων.
700 1# - ΠΡΟΣΘΕΤΗ ΑΝΑΓΡΑΦΗ--ΦΥΣΙΚΟ ΠΡΟΣΩΠΟ
Personal name Κουνάδης Αντώνιος Ν
9 (RLIN) 3595
942 ## - ADDED ENTRY ELEMENTS (KOHA)
Koha item type Books
Holdings
Τύπος τεκμηρίου Βιβλιοθήκη Τρέχουσα τοποθεσία Barcode Αριθμός εισαγωγής Ημερομηνία απόκτησης Ταξιθετικό σύμβολο Αριθμός αντιτύπου Κατάσταση απόσυρσης Κατάσταση χαμένου Κατάσταση κατεστραμμένου Μη δανεισμός Σύνολο δανεισμών Ημερομηνία τελευταίας εμφάνισης Η τιμή ισχύει από
Books MC Athens Campus Library MC Athens Campus Library 9780000028624 5694 05/06/2025 620.11 KOU V.I 1           05/06/2025 05/06/2025

MC Athens Campus Library
Πατησίων 94 & Κοδριγκτώνος 13, 104 34
Πελλήνης 8 & Πατησίων 107, 112 51
Τ: +30 210 8899600

MC Thessaloniki Campus Library
Ίωνος Δραγούμη 21, 54625 | Ίωνος Δραγούμη 15, 54625
Τ: +30 2310 287779 – Τ: +30 2314 440300